000 02239nam0a2200349 4500
001 RU\NLR\BIBL_A\016215625
005 20230119161741.0
010 _a978-5-88503-701-3
_91200
021 _aRU
_bКН-П-22-074125
_9КН-П-22-6452
035 _a(NLR Aleph) 016215625
035 _a(RuMoRGB)011305642
090 _a12721348
_c12721348
100 _a20221123d2022 u y0rusy50 ca
101 1 _arus
_ceng
102 _aRU
105 _ay z 000zy
181 0 _ai
_baxxe
182 0 _an
200 1 _aМаленькая книга хороших советов о даре уверенности в себе
_fБрайан Трейси
_gпер. с англ.: [И. И. Бурова]
203 _aТекст
_bвизуальный
_cнепосредственный
210 _aМосква
_aСанкт-Петербург
_cДиля
_d2022
215 _a123 с.
_d11х16
320 _aДр. кн. авт. на 4-й с. обл.
330 _a"Маленькая книга хороших советов о даре уверенности в себе" поможет вам преодолеть неуверенность, которая мешает вам достичь своих целей, быть успешными и счастливыми. Слова Брайана Трейси побуждают вас поверить в себя и стать хозяевами своей жизни. Брайан Трейси, автор бестселлера "Достижение максимума" и многих других книг, является одним из наиболее авторитетных в мире экспертов по проблемам мотивации, который может заставить людей задуматься над тем, как они живут
333 _a16+
606 1 _aУверенность в себе
_xПсихологические исследования
_jПопулярные издания
_2nlr_sh1
_2nlr_sh2
_3RU\NLR\AUTH\661254006
686 1 _aЮ937.26-42я9
700 1 _aТрейси
_bБ.
_f1944-
_gБрайан
_3RU\NLR\AUTH\7769295
942 _cBOOK
980 _aNB